Aasian maantiedettä kirjaimittain - G - Statistics

Yleistilastot
  • Tätä visaa on pelattu 468 kertaa
  • Keskiarvotulos 8 / 16
Vastaustilastot
Vihje Vastaus % Oikein
Kaukasuksen valtio Georgia
94%
Hindulaisuuden pyhin joki Ganges
92%
Palestiinalaisalue Välimeren rannalla Gaza
91%
Perinteinen japanilainen taiteilija ja emäntä Geisha
78%
Aavikko Kiinassa ja Mongoliassa Gobi
78%
Nimitys Neuvostoliiton vankileireille Gulag
66%
Portugalille noin 450 vuotta kuulunut siirtomaa Intiassa Goa
57%
Israelin Syyrialta valloittama alue {Golanin} kukkulat
49%
Israelin järvi, jossa Jeesus käveli Raamatun mukaan Genesaretinjärvi
48%
Yllä olevan maakunnan pääkaupungin Kantonin paikallinen nimi Guangzhou
44%
Norsuna kuvattu tärkeä hindulaisuuden jumala Ganesha
28%
Nimitys Britannian ja Intian asevoimissa palveleville nepalilaisille sotilaille Gurkhat
24%
Yli 3000 vuoden ajan asutettuna ollut Turkin 6. suurin kaupunki Gaziantep
20%
Intian luoteisrannikon osavaltio Gujarat
18%
Kiinan väkirikkain maakunta Guangdong
17%
Suuri Etelä-Korean lounaisosien kaupunki, jonka nimi tarkoittaa 'valon kaupunkia' Gwangju
14%
Ehtoja vastaavia visoja ei löytynyt
Tulosjakauma
Jokaisen tuloksen saaneiden osuus
Persentiili vastausten määrän mukaan
Tuloshistoriasi
Et ole pelannut tätä visaa